| 000 | 00783nam a2200229Ia 4500 | ||
|---|---|---|---|
| 003 | GCL | ||
| 008 | 140319s9999 xx 000 0 ara d | ||
| 040 |
_aGCL / _cGCL |
||
| 082 | 0 | 4 |
_a301.31 _bم ا |
| 100 | 1 | _aمحمود احمد حميد | |
| 245 | 1 | 0 |
_aاهم المشكلات البيئية فى العالم المعاصر: التلوث , التصحر / _cمحمود احمد حميد |
| 490 |
_aالهيئة العامة للاستعلامات _v0 |
||
| 650 | 0 | 4 | _aالبيئة |
| 650 | 0 | 4 | _aتلوث البيئة |
| 650 | 0 | 4 | _aالتصحر |
| 650 | 0 | 4 | _aالتربة - تلوث |
| 650 | 0 | 4 | _aالتلوث الجوى |
| 650 | 0 | 4 | _aالتلوث المنزلى |
| 650 | 0 | 4 | _aالانهار, تلوث |
| 650 | 0 | 4 | _aالعالم العربى - تلوث |
| 942 |
_2ddc _cBK |
||
| 999 |
_c48524 _d48524 |
||